000 00809nam a22002177a 4500
999 _c4454
_d4454
003 AR-CdUCM
008 190308b ||||| |||| 00| 0 spa d
040 _aMUNICIPALIDAD PROVINCIAL DEL CUSCO
_cBIBLIOTECA MUNICIPAL DEL CUSCO
082 _a906 /
_bM45
100 _aMetz ,René
_914010
245 _aHistoria de los Concilios /
260 _aEspaña :
_boikos-tau, s.a ,
_c1971.
300 _a125 páginas ;
_c17.5 cm.
440 _a¿qué sé?
_n48
_914011
505 _aContenido : El ecumenismo -- bisquejos historicos -- aspecto sociologico -- Trabajos preparatorios -- El concilio en marcha -- Balance y perspectivas de futuro...
650 _aHistoria de los Concilios
_914012
650 _aHistoria de la Iglesia
_93114
650 _aHistoria Catolica
_914013
942 _2ddc
_cLIBROS
945 _artm